ASP .NET XML webová služba poskytujúca usporiadané informácie o položkách elektronickej predajne výpočtovej techniky diplomová práca

Na minha lista:
Detalhes bibliográficos
Autor principal: Baňkos, Štefan
Autor Corporativo: Fakulta hospodárskej informatiky EU. Katedra aplikovanej informatiky
Outros Autores: Košťál, Igor, 1962-
Formato: Livro
Idioma:eslovaco
Publicado em: Bratislava 2025
Tags: Adicionar Tag
Sem tags, seja o primeiro a adicionar uma tag!

MARC

LEADER 00000nbm a2200000 4500
001 0310544
005 20251121095437.7
041 0 |a slo 
044 |a SK 
245 1 0 |a ASP .NET XML webová služba poskytujúca usporiadané informácie o položkách elektronickej predajne výpočtovej techniky  |b diplomová práca  |c Štefan Baňkos ; školiteľ: Igor Košťál 
264 1 |a Bratislava  |c 2025 
300 |a 69 s. 
100 1 |a Baňkos, Štefan 
700 1 |a Košťál, Igor, 1962- 
710 2 |a Fakulta hospodárskej informatiky EU. Katedra aplikovanej informatiky